[Event "4th 4NCL Easter Congress"]
[Site "Holiday Inn Peterborough - West"]
[Date "2024.03.30"]
[Round "2"]
[Board "2"]
[White "Boswell, Jacob Connor"]
[Black "Baer, Bruce L"]
[Result "1-0"]
[WhiteElo "2254"]
[BlackElo "1945"]
[PlyCount "0"]
[EventDate "2024.03.29"]
[EventRounds "7"]
[EventCountry "ENG"]

1. d4 g6 2. c4 d6 3. Nf3 Bg7 4. g3 e5 5. dxe5 dxe5 6. Qxd8+ Kxd8 7. Bg2 c6 8. O-O
Be6 9. Ng5 Bxc4 10. Nd2 Be6 11. Nxe6+ fxe6 12. Ne4 Nd7 13. Rd1 Kc7 14. Ng5 Re8 15.
Bh3 Nf8 16. Nf7 Nf6 17. Nxh8 Bxh8 18. f3 e4 19. Bf4+ e5 20. Bg5 e3 21. Rac1 b6 22.
Bxe3 Kb7 23. Bg5 e4 24. Rc4 exf3 25. exf3 b5 26. Rcd4 Ne6 27. Bxe6 Rxe6 28. Rd8 Ne8
29. R1d7+ Kb6 30. Re7  1-0

[Event "4th 4NCL Easter Congress"]
[Site "Holiday Inn Peterborough - West"]
[Date "2024.03.30"]
[Round "2"]
[Board "3"]
[White "Dilley, Jason M"]
[Black "Clarke, Connor"]
[Result "0-1"]
[WhiteElo "2032"]
[BlackElo "1978"]
[PlyCount "0"]
[EventDate "2024.03.29"]
[EventRounds "7"]
[EventCountry "ENG"]

1. d4 d5 2. Bg5 f6 3. Bh4 Nh6 4. e3 Nf5 5. Bd3 c5 6. dxc5 e5 7. Nc3 d4 8. exd4 exd4
9. Qe2+ Be7 10. O-O-O Nxh4 11. Qh5+ Kf8 12. Nb5 a6 13. Bc4 Ng6 14. Nxd4 Qc7 15. Qd5
Ne5 16. Bb3 g5 17. Ngf3 Qxc5 18. Ne6+ Bxe6 19. Qxe6 Nbc6 20. Nxe5 Nxe5 21. Rhe1 Kg7
22. Rd5 Qb4 23. Re3 Rhe8 24. Rdxe5 fxe5 25. Qf7+ Kh8 26. g3 Rf8 27. Qh5 Rxf2 28.
c3 Qd6  0-1

[Event "4th 4NCL Easter Congress"]
[Site "Holiday Inn Peterborough - West"]
[Date "2024.03.30"]
[Round "2"]
[Board "4"]
[White "Okhai, Shabir"]
[Black "Richmond, Frank"]
[Result "1-0"]
[WhiteElo "2075"]
[BlackElo "1711"]
[PlyCount "0"]
[EventDate "2024.03.29"]
[EventRounds "7"]
[EventCountry "ENG"]

1. e4 e6 2. d4 d5 3. Nc3 Bb4 4. e5 c5 5. a3 Bxc3+ 6. bxc3 Ne7 7. Qg4 Qc7 8. Bd3 c4
9. Be2 Nf5 10. Bd1 Nc6 11. Ne2 Bd7 12. O-O O-O-O 13. Ng3 Nxg3 14. fxg3 Qb6 15. Kh1
f6 16. exf6 gxf6 17. Qh4 e5 18. Qxf6 exd4 19. Bf4 Rhf8 20. Qg7 Rg8 21. Qf7 Qb2 22.
Bf3 Qxc3 23. Qxd5 Rg6 24. Rab1 Be8 25. Qf5+ Bd7 26. Qb5 Na5 27. Bxb7+  1-0

[Event "4th 4NCL Easter Congress"]
[Site "Holiday Inn Peterborough - West"]
[Date "2024.03.30"]
[Round "2"]
[Board "5"]
[White "Wilks, Simon"]
[Black "Raju, Sooraj Menothuparambil"]
[Result "0-1"]
[WhiteElo "2061"]
[BlackElo "1969"]
[PlyCount "0"]
[EventDate "2024.03.29"]
[EventRounds "7"]
[EventCountry "ENG"]

1. e4 Nf6 2. e5 Nd5 3. d4 d6 4. Nf3 g6 5. Bc4 c6 6. O-O Bg7 7. Re1 O-O 8. h3 dxe5
9. Nxe5 Be6 10. Bb3 Nd7 11. Nf3 h6 12. Nbd2 b5 13. c3 c5 14. Bc2 Qb6 15. dxc5 Nxc5
16. Nd4 Rfd8 17. Nxe6 Nxe6 18. Qf3 Rac8 19. Bb3 Ndf4 20. Ne4 Nd3 21. Rd1 Ne5 22.
Rxd8+ Rxd8 23. Qe2 b4 24. Be3 Qc6 25. f3 a5 26. cxb4 axb4 27. Rc1 Nd4 28. Qf1 Qa8
29. Rd1 Nxb3 30. axb3 Nc6 31. Rxd8+ Qxd8 32. Qc4 Qd1+ 33. Kh2 Ne5 34. Qxb4 Qe2 35.
Bf2 f5 36. Qd2 Qd3 37. f4 fxe4  0-1

[Event "4th 4NCL Easter Congress"]
[Site "Holiday Inn Peterborough - West"]
[Date "2024.03.30"]
[Round "2"]
[Board "6"]
[White "Chan, Sheng Liang Bernard"]
[Black "Vadalia, Jainill"]
[Result "1-0"]
[WhiteElo "2082"]
[BlackElo "1836"]
[PlyCount "0"]
[EventDate "2024.03.29"]
[EventRounds "7"]
[EventCountry "ENG"]

1. d4 Nf6 2. c4 e6 3. Nf3 b6 4. g3 Bb7 5. Bg2 Be7 6. O-O O-O 7. Nc3 d5 8. cxd5 exd5
9. Bf4 a6 10. Qb1 Nbd7 11. b4 Ne4 12. Rc1 Nd6 13. Nd2 Nf6 14. a4 Qd7 15. Be5 Qe6
16. e3 Ng4 17. Ne2 Nxe5 18. Nf4 Qf6 19. dxe5 Qxe5 20. Nf3 Qe4 21. Rxc7 Rac8 22. Rxc8
Rxc8 23. Nd4 Qe5 24. a5 Nc4 25. Nd3 Qf6 26. axb6 Qxb6 27. Nc5 Na3 28. Qd3 Nc4 29.
Nxb7 Qxb7 30. Nf5 Qxb4 31. Bxd5 Bf6 32. Rb1 Nb2 33. Bxf7+ Kh8 34. Qxa6 Rd8 35. Qe6
Qc5 36. Bh5 Qe5 37. Qxe5 Bxe5 38. Be2 Na4 39. Rd1 Rxd1+ 40. Bxd1 Nc5 41. Kg2 g6 42.
Nh4 Kg7 43. f4 Bc3 44. Bc2 Kf6 45. Kf3 Ne6 46. Ng2 h6 47. g4 h5 48. g5+ Nxg5+ 49.
fxg5+ Kxg5 50. Nf4 Be5 51. Bxg6 Bxf4 52. h4+ Kxg6 53. Kxf4  1-0

[Event "4th 4NCL Easter Congress"]
[Site "Holiday Inn Peterborough - West"]
[Date "2024.03.30"]
[Round "2"]
[Board "7"]
[White "Varley, Joe"]
[Black "Willmoth, Robert F"]
[Result "0-1"]
[WhiteElo "1926"]
[BlackElo "2104"]
[PlyCount "0"]
[EventDate "2024.03.29"]
[EventRounds "7"]
[EventCountry "ENG"]

1. e4 d6 2. d4 Nf6 3. Nc3 c6 4. f4 Qa5 5. e5 Ne4 6. Qf3 d5 7. Bd3 Na6 8. f5 Nxc3
9. Bd2 Nb4 10. Bxc3 Nxd3+ 11. cxd3 Qc7 12. e6 fxe6 13. Qh5+ Kd8 14. fxe6 g6 15. Qh4
Bg7 16. Ne2 Bf6 17. Qh6 Bxe6 18. O-O Qd7 19. Rae1 Kc7 20. Qf4+ Qd6 21. Bb4 Qxf4 22.
Nxf4 Bd7 23. Bxe7 Bxd4+ 24. Kh1 Bxb2 25. Rf2 Bd4 26. Rc2 Bf5 27. Nxd5+ Kd7 28. Nf6+
Bxf6 29. Bxf6 Rhe8 30. Rce2 Rxe2 31. Rxe2 Re8 32. Rxe8 Kxe8 33. d4 Kf7 34. Be5 Ke6
35. Bb8 a5 36. Kg1 Kd5 37. Ba7 Kc4 38. Kf2 Bb1 39. a3 b5 40. Ke3 b4 41. axb4 a4 42.
Kd2 a3 43. Kc1 Be4 44. g3 Kc3  0-1

[Event "4th 4NCL Easter Congress"]
[Site "Holiday Inn Peterborough - West"]
[Date "2024.03.30"]
[Round "2"]
[Board "8"]
[White "Amato, Giampiero"]
[Black "Fava, Lorenzo"]
[Result "0-1"]
[WhiteElo "1954"]
[BlackElo "2281"]
[PlyCount "0"]
[EventDate "2024.03.29"]
[EventRounds "7"]
[EventCountry "ENG"]

1. c4 Nf6 2. g3 e5 3. Bg2 d5 4. cxd5 Nxd5 5. Nf3 Nc6 6. O-O Be7 7. d3 O-O 8. a3 Be6
9. b4 f6 10. Bb2 Qd7 11. Re1 Rfd8 12. Nbd2 Nb6 13. Rc1 a5 14. b5 Na7 15. a4 c6 16.
bxc6 Nxc6 17. Ne4 Nb4 18. Nc3 N4d5 19. Nb5 Nxa4 20. Qxa4 Nb6 21. Qa1 Qxb5 22. Rb1
Bb4 23. Rec1 Rdc8 24. d4 e4 25. Nh4 Qxe2 26. Re1 Bxe1 27. Rxe1 Qb5 28. Bxe4 Bd5 29.
Nf5 Rc7 30. Bb1 Re8 31. Rf1 Na4 32. Ba3 Qe2 33. Ne3 Rxe3  0-1

[Event "4th 4NCL Easter Congress"]
[Site "Holiday Inn Peterborough - West"]
[Date "2024.03.30"]
[Round "2"]
[Board "9"]
[White "Lishoy Gengis Paratazham, Dildarav"]
[Black "Khoury, Theo"]
[Result "0-1"]
[WhiteElo "1924"]
[BlackElo "2113"]
[PlyCount "0"]
[EventDate "2024.03.29"]
[EventRounds "7"]
[EventCountry "ENG"]

1. e4 c5 2. d3 Nc6 3. g3 Nf6 4. Bg2 d5 5. exd5 Nxd5 6. Ne2 e5 7. O-O Be7 8. Re1 O-O
9. Nbc3 Be6 10. Nxd5 Bxd5 11. Nc3 Bxg2 12. Kxg2 Qd7 13. Be3 f5 14. f3 Rae8 15. Bf2
b6 16. Qd2 Bf6 17. Re2 g5 18. Rae1 Nd4 19. Bxd4 cxd4 20. Nd1 Qc6 21. Rf2 g4 22. Qe2
gxf3+ 23. Qxf3 e4 24. dxe4 fxe4 25. Qg4+ Kh8 26. Kg1 e3 27. Rfe2 Rg8 28. Qf5 Re5
29. Qh3 Reg5 30. Rg2 Be5 31. Qh4 Qf3 32. c3 Bf6 33. Qh3 Rf5 34. a3 Re8 35. Kh1 e2
36. Nf2 d3 37. Nxd3 Qf1+ 38. Rxf1 exf1=Q+ 39. Rg1 Qxh3 40. Nf4 Rxf4 41. gxf4 Qf3+
42. Rg2 Re1#  0-1

[Event "4th 4NCL Easter Congress"]
[Site "Holiday Inn Peterborough - West"]
[Date "2024.03.30"]
[Round "2"]
[Board "10"]
[White "Nawalaniec, Adam"]
[Black "Ward, Cian"]
[Result "1-0"]
[WhiteElo "2015"]
[BlackElo "1815"]
[PlyCount "0"]
[EventDate "2024.03.29"]
[EventRounds "7"]
[EventCountry "ENG"]

1. e4 e6 2. d4 d5 3. Nd2 Nf6 4. Bd3 dxe4 5. Nxe4 Nxe4 6. Bxe4 Nd7 7. c4 Nf6 8. Bf3
c5 9. d5 exd5 10. cxd5 Bd6 11. Ne2 O-O 12. O-O Ng4 13. Bf4 Ne5 14. Nc3 Nxf3+ 15.
Qxf3 Bxf4 16. Qxf4 b6 17. Rad1 Bb7 18. Rfe1 Qd7 19. Re3 Rad8 20. Ne4 f6 21. Ng3 Rfe8
22. Nf5 Rxe3 23. fxe3 g6 24. Nh6+ Kg7 25. e4 Qd6 26. Qh4 Bc8 27. Ng4 Bxg4 28. Qxg4
Qe5 29. b3 a6 30. Qe2 a5 31. Qf3 Rd7 32. Qd3 Rd6 33. Qg3 Qxg3 34. hxg3 Kf7 35. a4
Ke7 36. Kf2 Rd7 37. Ke3 Kd6 38. Kf4 Re7 39. Re1 Re8 40. g4 Re5 41. Rh1 Re7 42. Rh3
Kd7 43. Rf3 Kd6 44. Rg3 h6 45. Rh3 Rh7 46. Rh2 Rh8 47. g3 Rh7 48. e5+ fxe5+ 49. Ke4
Rf7 50. Rxh6 Rg7 51. g5 Rg8 52. Rh7 b5 53. axb5 Rb8 54. Rg7 Rxb5 55. Rxg6+ Kd7 56.
Kxe5 Rxb3 57. Rg7+ Ke8 58. d6 Rxg3 59. d7+ Kd8 60. Kd6 Rd3+ 61. Kc6  1-0

[Event "4th 4NCL Easter Congress"]
[Site "Holiday Inn Peterborough - West"]
[Date "2024.03.30"]
[Round "2"]
[Board "11"]
[White "Samarakoon, Vivash"]
[Black "Alldritt, Nigel RE"]
[Result "1/2-1/2"]
[WhiteElo "1978"]
[BlackElo "1977"]
[PlyCount "0"]
[EventDate "2024.03.29"]
[EventRounds "7"]
[EventCountry "ENG"]

1. e4 e6 2. d4 d5 3. e5 c5 4. c3 Qb6 5. Nf3 Nc6 6. Bd3 Bd7 7. Bc2 cxd4 8. cxd4 Nb4
9. Nc3 Nxc2+ 10. Qxc2 Bb5 11. Bd2 Bb4 12. Nxb5 Qxb5 13. Rc1 Ne7 14. Qb3 Bxd2+ 15.
Nxd2 Qd7 16. O-O O-O 17. f4 Rac8 18. Kh1 Rxc1 19. Rxc1 Rc8 20. Rc3 h5 21. Kg1 Rxc3
22. Qxc3 Qc6 23. Kf2 Qa4 24. a3 Nf5 25. Nf3 Qd1 26. Qe1 Qxe1+ 27. Kxe1 Ne3 28. g3
Nc4 29. b3 Nxa3 30. Kd2 Nb5 31. Kd3 Kf8 32. h3 Ke7 33. g4 hxg4 34. hxg4 a5 35. Nh4
Na7 36. f5 Nc6 37. g5 b5 38. f6+ Kf8 39. Ng2 a4 40. bxa4 bxa4 41. Kc3 a3 42. Ne3
Na5 43. Nc2 Nc4 44. Kb3 Nd2+ 45. Kxa3 Ne4 46. Kb4 Nxg5 47. fxg7+ Kxg7 48. Kc5 Ne4+
49. Kc6 f5 50. exf6+ Kxf6 51. Ne3 Nd2 52. Nxd5  1/2-1/2

[Event "4th 4NCL Easter Congress"]
[Site "Holiday Inn Peterborough - West"]
[Date "2024.03.30"]
[Round "2"]
[Board "12"]
[White "Larchikov, Maksym"]
[Black "Hariharan, Shambavi"]
[Result "1-0"]
[WhiteElo "1951"]
[BlackElo "1867"]
[PlyCount "0"]
[EventDate "2024.03.29"]
[EventRounds "7"]
[EventCountry "ENG"]

1. d4 d5 2. c4 c6 3. Nc3 Nf6 4. Nf3 e6 5. e3 Nbd7 6. Qc2 Bd6 7. b3 O-O 8. Be2 b6
9. O-O Bb7 10. Bb2 Rc8 11. e4 dxe4 12. Nxe4 Nxe4 13. Qxe4 Nf6 14. Qc2 c5 15. Rad1
Qe7 16. d5 e5 17. Rde1 Rce8 18. Bd3 Qc7 19. Qc3 b5 20. Ba1 b4 21. Qb2 Re7 22. Nxe5
Rfe8 23. f4 Rf8 24. Qf2 Ne8 25. Qh4 f5 26. g4 Nf6 27. Bxf5 g6 28. Be6+ Rxe6 29. dxe6
Bxe5 30. Bxe5 Qc6 31. Qh3 Qh1+ 32. Kf2 Ne4+ 33. Ke3 Ng5 34. Rxh1 Nxh3 35. Rhf1 Bg2
36. e7 Re8 37. Bf6 Bxf1 38. Rxf1 Kf7 39. g5 h6 40. Rf3 hxg5 41. fxg5 Nxg5 42. Bxg5+
Ke6 43. Rf8 Kd7 44. Rxe8 Kxe8 45. Ke4 a5 46. Kd5 a4 47. Kd6 axb3 48. axb3 Kf7 49.
Kd7 Kg7 50. e8=Q Kh7 51. Qf7 Kh8 52. Bf6+  1-0

[Event "4th 4NCL Easter Congress"]
[Site "Holiday Inn Peterborough - West"]
[Date "2024.03.30"]
[Round "2"]
[Board "13"]
[White "Mesesan, Mircea-Marius"]
[Black "McLean, Robert"]
[Result "0-1"]
[WhiteElo "1963"]
[BlackElo "1967"]
[PlyCount "0"]
[EventDate "2024.03.29"]
[EventRounds "7"]
[EventCountry "ENG"]

1. d4 Nf6 2. e3 d5 3. Bd3 c5 4. b3 cxd4 5. exd4 Nc6 6. Bb2 g6 7. a3 Bg7 8. Nd2 Qb6
9. Ngf3 Bg4 10. O-O O-O 11. Re1 e6 12. Rb1 Rac8 13. h3 Bxf3 14. Nxf3 Ne8 15. c3 Na5
16. Bc2 Nd6 17. Ne5 Rfd8 18. f3 Rc7 19. a4 Rdc8 20. Kh1 Nf5 21. b4 Nc4 22. Nxc4 Rxc4
23. Bd3 R4c7 24. f4 h5 25. Bxf5 exf5 26. Qf3 Qd6 27. Re3 Bf6 28. Rbe1 Kg7 29. Qf1
Rd7 30. Bc1 Rcc7 31. R1e2 Qc6 32. b5 Qc4 33. Qd1 Bxd4 34. Qxd4+ Qxd4 35. cxd4 Rxc1+
36. Re1 Rc4 37. Re7 Rxe7 38. Rxe7 Rxd4 39. Rxb7 Rxa4 40. Rd7 d4 41. Kg1 Kf6 42. Kf2
Ke6 43. Rb7 h4 44. b6 axb6 45. Rxb6+ Kd5 46. Rb7 Ke4 47. Rxf7 Ra2+ 48. Kf1 Kxf4 49.
Rd7 Rd2 50. Ke1 Rxg2 51. Rxd4+ Kg5 52. Kf1 Rg3 53. Rc4 Rxh3 54. Kg2 Re3 55. Kh2 Kh5
56. Kg2 g5 57. Rc8 Kg4 58. Rc4+ Re4 59. Rc2 f4 60. Rf2 f3+ 61. Kg1 Re1+ 62. Kh2 Re2
63. Kg1 Rxf2 64. Kxf2 Kh3 65. Kxf3 g4+ 66. Kf4 g3 67. Kf3 g2 68. Kf2 Kh2 69. Kf3
g1=Q 70. Ke4 Kg3 71. Ke5 h3 72. Ke4 h2 73. Ke5 h1=Q 74. Kd6 Qe4 75. Kd7 Qd1+ 76.
Kc7 Qc4+ 77. Kb6 Qb1+ 78. Ka5 Qcb5#  0-1

[Event "4th 4NCL Easter Congress"]
[Site "Holiday Inn Peterborough - West"]
[Date "2024.03.30"]
[Round "2"]
[Board "14"]
[White "Sasikumar, Srivathsan"]
[Black "James, Russell A"]
[Result "1/2-1/2"]
[WhiteElo "1881"]
[BlackElo "2017"]
[PlyCount "0"]
[EventDate "2024.03.29"]
[EventRounds "7"]
[EventCountry "ENG"]

1. e4 d6 2. d4 Nf6 3. Nc3 Nbd7 4. f4 e5 5. fxe5 dxe5 6. dxe5 Nxe5 7. Qxd8+ Kxd8 8.
Bg5 Bd6 9. Nd5 h6 10. Bxf6+ gxf6 11. Be2 c6 12. Nxf6 Ke7 13. Nh5 Rg8 14. g3 Ng4 15.
Nf3 Bc5 16. Nf4 Bf2+ 17. Kd2 Be3+ 18. Kc3 Nf2 19. Rhe1 Nxe4+ 20. Kd3 Bxf4 21. Kxe4
Bc7 22. Bc4 Kf6 23. Nd4 Rf8 24. Rf1+ Kg6 25. Rae1 Bh3 26. Rg1 Rae8+ 27. Kf3 Bb6 28.
c3 h5 29. Rxe8 Rxe8 30. Kf2 Bc5 31. Re1 Rd8 32. Rd1 Kf6 33. Rd3 Be6 34. Bxe6 fxe6
35. Ke2 Bxd4 36. cxd4 Rd5 37. Ke3 Kf5 38. h3 a5 39. Rb3 b5 40. Rc3 e5 41. dxe5 c5
42. Kf3  1/2-1/2

[Event "4th 4NCL Easter Congress"]
[Site "Holiday Inn Peterborough - West"]
[Date "2024.03.30"]
[Round "2"]
[Board "15"]
[White "Birtwistle, Nigel"]
[Black "Wynarczyk, Raymond"]
[Result "1-0"]
[WhiteElo "2048"]
[BlackElo "1858"]
[PlyCount "0"]
[EventDate "2024.03.29"]
[EventRounds "7"]
[EventCountry "ENG"]

1. c4 e6 2. Nc3 d5 3. d4 Nf6 4. cxd5 exd5 5. Bg5 Bb4 6. e3 Qd6 7. Bd3 O-O 8. Nge2
Bg4 9. O-O c6 10. Qc2 Nbd7 11. a3 Ba5 12. b4 Bd8 13. Ng3 h6 14. Bf4 Qe7 15. h3 Be6
16. Nf5 Bxf5 17. Bxf5 Nb6 18. Bd3 Bc7 19. Bxc7 Qxc7 20. Ne2 Rfe8 21. b5 Rac8 22.
Rfc1 Qd6 23. Qb3 Ne4 24. bxc6 bxc6 25. Ra2 c5 26. Bxe4 c4 27. Qb4 Qxb4 28. axb4 Rxe4
29. Rxa7 Ree8 30. Nc3 Rb8 31. Ra5 Rec8 32. Rca1 Kf8 33. Rb5 Rd8 34. Ra6 Rd6 35. Kf1
Ke8 36. Nxd5 Rxd5 37. Rbxb6 Rb5 38. Rxb8+ Rxb8 39. Ra4 Kd7 40. b5 Rc8 41. Ke2 f5
42. Kd2 Kd6 43. Kc3 Kd5 44. b6 f4 45. Ra5+ Ke6 46. b7 Rb8 47. Rb5 fxe3 48. fxe3 Kd6
49. Kxc4 Kc6 50. e4  1-0

[Event "4th 4NCL Easter Congress"]
[Site "Holiday Inn Peterborough - West"]
[Date "2024.03.30"]
[Round "2"]
[Board "16"]
[White "Cheng, Louis"]
[Black "Burrows, Martin P"]
[Result "0-1"]
[WhiteElo "1826"]
[BlackElo "1998"]
[PlyCount "0"]
[EventDate "2024.03.29"]
[EventRounds "7"]
[EventCountry "ENG"]

1. e4 c5 2. Nc3 Nc6 3. Nf3 e5 4. Bc4 Be7 5. O-O Nf6 6. d3 O-O 7. Bg5 d6 8. Nd2 Bg4
9. f3 Be6 10. Bxf6 Bxf6 11. Nd5 Bg5 12. f4 exf4 13. Nxf4 Bxf4 14. Rxf4 d5 15. exd5
Bxd5 16. Qh5 Bxc4 17. Nxc4 b6 18. Raf1 Qd7 19. R1f3 Rae8 20. Rg4 Re1+ 21. Kf2 Re6
22. c3 b5 23. Rh3 h6 24. Nd2 Ne5 25. Rgg3 f5 26. Nb3 Ng4+ 27. Kf1 Qe7 28. Re3 Rxe3
29. Rxe3 Qxe3 30. Qh4 Qxd3+ 31. Ke1 Re8+  0-1

[Event "4th 4NCL Easter Congress"]
[Site "Holiday Inn Peterborough - West"]
[Date "2024.03.30"]
[Round "2"]
[Board "17"]
[White "Srivastava, Arnav"]
[Black "Wang, Luoke"]
[Result "1-0"]
[WhiteElo "1915"]
[BlackElo "1801"]
[PlyCount "0"]
[EventDate "2024.03.29"]
[EventRounds "7"]
[EventCountry "ENG"]

1. d4 Nf6 2. c4 g6 3. Nf3 Bg7 4. g3 O-O 5. Bg2 d6 6. O-O Nc6 7. Nc3 a6 8. h3 Rb8
9. d5 Na5 10. Qd3 c5 11. Nd2 Bd7 12. Rb1 b5 13. b3 bxc4 14. Nxc4 Nxc4 15. Qxc4 Bb5
16. Nxb5 axb5 17. Qc2 Qa5 18. Bb2 Rfc8 19. Rfc1 c4 20. Bd4 Nd7 21. Bxg7 Kxg7 22.
Qe4 cxb3 23. axb3 Qd8 24. h4 Nf6 25. Qe3 Qd7 26. Qd4 Rxc1+ 27. Rxc1 Rc8 28. Rc6 Ra8
29. Bf3 Qf5 30. Kg2 h5 31. e4 Qd7 32. e5 dxe5 33. Qxe5 Ra7 34. d6 exd6 35. Rxd6 Qe7
36. Qd4 Rd7 37. Rxd7 Qxd7 38. Qc5 Qd3 39. b4 Nd7 40. Qe7 Qd4 41. Qe4 Qxe4 42. Bxe4
Nb6 43. Bc6 Kf6 44. Kf3 Ke7 45. Ke4 Nc4 46. Kd4 Nd6 47. Kc5 f5 48. f3 f4 49. g4 hxg4
50. fxg4 Nf7 51. Kd4 Kd6 52. Bxb5 Ne5 53. Ke4 f3 54. Kf4 f2 55. Bf1 Kd5 56. b5 Nc4
57. Kf3 Ne5+ 58. Kg3 Kc5 59. h5 gxh5 60. gxh5 Nf7 61. Kxf2 Nh6 62. Kf3 Kd6 63. Kf4
Nf7 64. Bc4 Nh6  1-0

[Event "4th 4NCL Easter Congress"]
[Site "Holiday Inn Peterborough - West"]
[Date "2024.03.30"]
[Round "2"]
[Board "18"]
[White "Ali, Golam S"]
[Black "Guthrie, David W"]
[Result "0-1"]
[WhiteElo "1894"]
[BlackElo "2129"]
[PlyCount "0"]
[EventDate "2024.03.29"]
[EventRounds "7"]
[EventCountry "ENG"]

1. d4 d5 2. c4 c6 3. Nc3 Nf6 4. Nf3 e6 5. Bg5 dxc4 6. a4 Bb4 7. e4 Bxc3+ 8. bxc3
Qa5 9. Bxf6 Qxc3+ 10. Nd2 gxf6 11. Rc1 Qxd4 12. Rxc4 Qd6 13. Qg4 Nd7 14. f4 b6 15.
Rc3 Bb7 16. Rd3 Qb4 17. Qg7 O-O-O 18. Rb3 Qa5 19. Qg3 Nc5 20. Rc3 Rxd2 21. Rxc5 bxc5
 0-1

[Event "4th 4NCL Easter Congress"]
[Site "Holiday Inn Peterborough - West"]
[Date "2024.03.30"]
[Round "2"]
[Board "19"]
[White "White, Stuart A"]
[Black "Han, Qixiang"]
[Result "0-1"]
[WhiteElo "2020"]
[BlackElo "1874"]
[PlyCount "0"]
[EventDate "2024.03.29"]
[EventRounds "7"]
[EventCountry "ENG"]

1. c4 c6 2. g3 d5 3. Nf3 Nf6 4. Bg2 dxc4 5. O-O Nbd7 6. Qc2 Nb6 7. Na3 Be6 8. Ne5
g6 9. Naxc4 Nxc4 10. Nxc4 Bg7 11. b3 O-O 12. Bb2 a5 13. Rfd1 Nd5 14. d4 Nb6 15. Ne5
a4 16. e4 Nd7 17. Nd3 axb3 18. axb3 Qb6 19. b4 Rxa1 20. Bxa1 Ra8 21. Qc3 Qa6 22.
Nc5 Nxc5 23. bxc5 Qa4 24. Rb1 Rd8 25. Qb4 Ra8 26. Bc3 Qc2 27. Qxb7 Ra2 28. Qb8+ Bf8
29. Be1 Bc4 30. Qb4 Bd3 31. Rb3 Ra1 32. Ra3 Rb1 33. Qa5 Qd1 34. Bf1 Bxe4 35. Re3
Qxd4 36. Bc3 Qd1 37. Qa6 Qd5 38. Qe2 Bf5 39. Re5 Bd3 40. Rf5  0-1

[Event "4th 4NCL Easter Congress"]
[Site "Holiday Inn Peterborough - West"]
[Date "2024.03.30"]
[Round "2"]
[Board "20"]
[White "Turner, Lewis A"]
[Black "Miller, George I"]
[Result "1-0"]
[WhiteElo "1927"]
[BlackElo "1893"]
[PlyCount "0"]
[EventDate "2024.03.29"]
[EventRounds "7"]
[EventCountry "ENG"]

1. e4 c6 2. d4 d5 3. e5 c5 4. dxc5 e6 5. a3 Bxc5 6. Qg4 Ne7 7. Bd3 Ng6 8. Nf3 Nc6
9. b4 Bb6 10. Bb2 Bd7 11. O-O a6 12. Nbd2 h5 13. Qg3 Nce7 14. c4 Bc6 15. Rad1 Qd7
16. cxd5 Bxd5 17. Ne4 h4 18. Qg4 Nf5 19. Nd6+ Nxd6 20. exd6 O-O-O 21. Rc1+ Kb8 22.
Bxg6 fxg6 23. Ne5 Qa4 24. Nf7 h3 25. g3 Qb3 26. Be5 Qxa3 27. Nxh8 Bxf2+ 28. Kxf2
Rf8+ 29. Bf4 Qb2+ 30. Qe2 Qd4+ 31. Ke1 e5 32. Qxe5 Qxb4+ 33. Qc3 Re8+ 34. Kd2 Qe4
35. d7+ Ka7 36. Qe3+  1-0

[Event "4th 4NCL Easter Congress"]
[Site "Holiday Inn Peterborough - West"]
[Date "2024.03.30"]
[Round "2"]
[Board "21"]
[White "Mize, Dylan"]
[Black "Patel, Zain"]
[Result "0-1"]
[WhiteElo "1870"]
[BlackElo "1929"]
[PlyCount "0"]
[EventDate "2024.03.29"]
[EventRounds "7"]
[EventCountry "ENG"]

1. d4 Nf6 2. Nf3 d5 3. e3 c5 4. dxc5 e6 5. b4 a5 6. c3 axb4 7. cxb4 b6 8. Bb5+ Bd7
9. Bxd7+ Nbxd7 10. O-O bxc5 11. b5 Bd6 12. Nbd2 O-O 13. Qe2 Ra4 14. Bb2 Qb8 15. Rfb1
e5 16. e4 Nxe4 17. Nxe4 Rxe4 18. Qd3 Rb4 19. Qxd5 Nf6 20. Qd2 Rxb5 21. Qc2 e4 22.
Bxf6 exf3 23. Qf5 gxf6 24. Rxb5 Qxb5 25. Qxf6 Qd3 26. h4 Qg6 27. Qxf3 Rb8 28. g3
Be5 29. h5 Qf6 30. Qg4+ Qg7 31. Qxg7+ Kxg7 32. Re1 Bd4  0-1

[Event "4th 4NCL Easter Congress"]
[Site "Holiday Inn Peterborough - West"]
[Date "2024.03.30"]
[Round "2"]
[Board "22"]
[White "Gibson, Christopher A"]
[Black "Hutchinson, Paul A"]
[Result "0-1"]
[WhiteElo "1852"]
[BlackElo "2006"]
[PlyCount "0"]
[EventDate "2024.03.29"]
[EventRounds "7"]
[EventCountry "ENG"]

1. e4 d5 2. exd5 Qxd5 3. Nf3 Bg4 4. Be2 Nc6 5. h3 Bh5 6. d4 e6 7. O-O O-O-O 8. c4
Qf5 9. Be3 Nf6 10. Nc3 Bc5 11. d5 Bxe3 12. fxe3 exd5 13. Nd4 Qe5 14. Nxc6 bxc6 15.
Bxh5 Nxh5 16. Qg4+ Kb8 17. Rae1 Ng3 18. Rf3 Ne4 19. Nxe4 dxe4 20. Rxf7 Rd2 21. b3
Rxa2 22. Qxg7 Qxg7 23. Rxg7 h5 24. h4 Rb2 25. Rf1 Rxb3 26. Rff7 Rc8 27. Rg3 Rc3 28.
Rh7 Rxc4 29. Rxh5 Rd8 30. Rh7 Rc1+ 31. Kh2 a5 32. Rgg7 Rc8 33. Rg4 Rc4 34. Re7 c5
35. Rexe4 Rb4 36. Kh3 Kb7 37. Re5 Kb6 38. Rf4 a4 39. Rf2 a3 40. Rd5 c4 41. Rdd2 c3
42. Ra2 Ra8 43. h5 Rb2  0-1

[Event "4th 4NCL Easter Congress"]
[Site "Holiday Inn Peterborough - West"]
[Date "2024.03.30"]
[Round "2"]
[Board "23"]
[White "Zhang, Junyi"]
[Black "Kilambi, Venkata Ananth Akshay"]
[Result "1/2-1/2"]
[WhiteElo "1924"]
[BlackElo "1801"]
[PlyCount "0"]
[EventDate "2024.03.29"]
[EventRounds "7"]
[EventCountry "ENG"]

1. e4 c6 2. d4 d5 3. exd5 cxd5 4. Bd3 Nc6 5. c3 g6 6. h3 Bf5 7. Nf3 Bxd3 8. Qxd3
Nf6 9. O-O Bg7 10. Bf4 O-O 11. Nbd2 Nd7 12. Rfe1 Kh8 13. h4 Nf6 14. Ne5 Nh5 15. Bh2
e6 16. Ndf3 Bf6 17. Nxc6 bxc6 18. Be5 Bxe5 19. dxe5 Qb6 20. Qd2 Ng3 21. Qh6 Nf5 22.
Qf4 Qd8 23. Qh2 h5 24. Qf4 Kg7 25. Ng5 Rh8 26. g3 Qe7 27. Qa4 Qc5 28. Kg2 Rab8 29.
b4 Qb6 30. a3 Rb7  1/2-1/2

[Event "4th 4NCL Easter Congress"]
[Site "Holiday Inn Peterborough - West"]
[Date "2024.03.30"]
[Round "2"]
[Board "24"]
[White "Lukhi, Neev"]
[Black "Boggarapu, Kritan"]
[Result "0-1"]
[WhiteElo "1812"]
[BlackElo "1933"]
[PlyCount "0"]
[EventDate "2024.03.29"]
[EventRounds "7"]
[EventCountry "ENG"]

1. d4 d5 2. Bf4 Nf6 3. e3 e6 4. Nf3 c5 5. c3 Bd6 6. Bb5+ Nc6 7. Bxc6+ bxc6 8. Bxd6
Qxd6 9. Qa4 O-O 10. Qa3 Nd7 11. Nbd2 Qc7 12. O-O c4 13. b3 cxb3 14. axb3 c5 15. c4
dxc4 16. bxc4 Bb7 17. Rfc1 a6 18. Rab1 Rfc8 19. Qd3 Nf6 20. Qb3 Bc6 21. Qb6 Qxb6
22. Rxb6 Nd7 23. Rbb1 a5 24. Ne5 Nxe5 25. dxe5 Rcb8 26. Rxb8+ Rxb8 27. Rb1 Rb4 28.
f3 a4 29. Kf2 Kf8 30. Ke2 g5 31. Kd3 g4 32. e4 gxf3 33. gxf3 Ke7 34. Kc3 Rxb1 35.
Nxb1 f6 36. exf6+ Kxf6 37. Kd3 Kg5 38. Ke3 Bb7 39. Na3 Ba6 40. Kf2 Kf4 41. Ke2 Kg5
42. Kf2 e5 43. Kg3 Bc8 44. Nc2 Be6 45. Na3 h6 46. h3 Bf7 47. h4+ Kh5 48. Kh3 Bg8
49. Kg3 Be6 50. f4 exf4+ 51. Kxf4 Kxh4 52. Ke5 Bg4 53. Kf4 h5 54. Nc2 Be6 55. Na3
Kh3 56. Kf3 Bg8 57. Kf4 h4 58. Kf3 Bf7 59. e5 Be6 60. Nc2 Bxc4 61. Ne3 Be6 62. Ng2
Bd5+  0-1